Johnny Cash - I Walk the Line Lyrics - Statistics

General Stats
  • This quiz has been taken 273 times
  • The average score is 126 of 179
Answer Stats
Lyric % Correct
i
100%
the
99%
walk
98%
line
97%
you
93%
a
92%
be
91%
mine
90%
your
87%
my
83%
because
82%
of
82%
on
81%
you're
80%
heart
79%
for
78%
this
77%
time
77%
all
76%
keep
76%
eyes
73%
close
72%
watch
72%
open
71%
wide
71%
that
69%
to
69%
it
67%
day
60%
is
60%
when
58%
true
57%
out
56%
and
55%
very
55%
easy
54%
find
53%
ends
52%
binds
50%
i'm
50%
each
48%
mind
48%
night
48%
through
48%
myself
47%
fool
46%
i'll
45%
know
45%
alone
44%
cause
43%
tie
42%
tide
41%
admit
40%
both
39%
it's
39%
light
38%
love
38%
me
38%
dark
37%
yes
37%
as
35%
i'd
34%
right
34%
happiness
31%
side
30%
even
29%
i've
29%
turn
29%
try
28%
can't
27%
got
25%
sure
25%
way
25%
proves
24%
give
23%
hide
22%
known
22%
you've
22%
No matching quizzes found
Score Distribution
Percent of People with Each Score
Percentile by Number Answered
Your Score History
You have not taken this quiz